| 000 | 00410nam a2200145 a 4500 | ||
|---|---|---|---|
| 001 | 4559 | ||
| 003 | CDMR | ||
| 005 | 20130320111203.0 | ||
| 008 | 130130s1996||||||||||||||||||||||||||||d | ||
| 040 |
_aCDMR _bcat _cCPC GIRONA |
||
| 110 | 1 |
_91047 _aGirona _b -- Ajuntament |
|
| 245 | 0 |
_aFires de Sant NarcĂs _b: Girona del 25 d'octubre al 3 de novembre de 1996 |
|
| 260 |
_c1996 _bAjuntament de Girona |
||
| 942 |
_cMON _2ddc |
||
| 999 |
_c4559 _d4559 |
||